Cẩm nang cấp cứu thoát hiểm

Shranjeno v:
Bibliografske podrobnosti
Glavni avtor: Hà Dụ Dân
Format: Knjiga
Jezik:Undetermined
Izdano: Trẻ 2000
Oznake: Označite
Brez oznak, prvi označite!
Thư viện lưu trữ: Trung tâm Học liệu Trường Đại học Cần Thơ
LEADER 00423nam a2200145Ia 4500
001 CTU_48642
008 210402s9999 xx 000 0 und d
082 |a 616.0252 
082 |b D121 
100 |a Hà Dụ Dân 
245 0 |a Cẩm nang cấp cứu thoát hiểm 
245 0 |c Hà Dụ Dân; Kim Long biên dịch 
260 |b Trẻ 
260 |c 2000 
980 |a Trung tâm Học liệu Trường Đại học Cần Thơ